Forêts et bois dans les jeux Zelda - Statistiques

Statistiques générales
  • Ce quiz a été pris 27 fois
  • Le résultat moyen est 5 sur 17
Statistiques - réponses
Jeu de première apparition Nom de la forêt/du bois % Correct
The Legend of Zelda Bois Perdus
83%
Breath of the Wild (Partie de la forêt) Forêt Korogu
57%
Skyward Sword Forêt de Firone
52%
Twilight Princess Forêt de Firone
52%
Breath of the Wild Forêt de Firone
52%
Ocarina of Time (Partie de la forêt) Bosquet Sacré
35%
Breath of the Wild Grande Forêt d'Hyrule
35%
The Wind Waker Bois Défendus
26%
Oracle of Seasons Bois Hivernaux
13%
Breath of the Wild Bois de Cary
9%
Breath of the Wild Bois de Firas
9%
Breath of the Wild Bois de Romu
9%
Breath of the Wild Bois des Esprits
9%
A Link to the Past Bois des Squelettes
9%
A Link to the Past Bosquet Hanté
9%
Breath of the Wild Forêt de Bubinga
9%
Breath of the Wild Forêt de Sarge
9%
Aucun quiz correspondant
Distribution des résultats
% des personnes avec chaque résultat
Percentile par nombre de réponses
Votre historique - résultats
Vous n’avez pas pris ce quiz